Wschodnie granice Polski w XX wieku w narracji historycznej - w atlasach ZSRR, Federacji Rosyjskiej, Litwy, Białorusi i Ukrainy

Titel: Wschodnie granice Polski w XX wieku w narracji historycznej - w atlasach ZSRR, Federacji Rosyjskiej, Litwy, Białorusi i Ukrainy / Grzegorz Strauchold
Verfasser:
In: Mapa jako narracja interpretacyjna, (2015), Seite 43
alle Artikel anzeigen
Veröffentlicht: 2015
Format: Aufsatz
Sprache: Polnisch
Schlagworte:
Kein Bild verfügbar
X
alg: 43654553
001A    $03025:12-09-18 
001B    $01999:12-09-18 $t22:56:37.000 
001C    $03025:12-09-18 $t14:05:08.000 
001D    $03025:12-09-18 
001U    $0utf8 
001X    $00 
002@    $0Aou 
002C    $aText $btxt $2rdacontent 
002D    $aohne Hilfsmittel zu benutzen $bn $2rdamedia 
002E    $aBand $bnc $2rdacarrier 
003@    $0436545535 
007A    $0436545535 $aHEB 
010@    $apol 
010E    $erda 
011@    $a2015 
021A    $aWschodnie granice Polski w XX wieku w narracji historycznej - w atlasach ZSRR, Federacji Rosyjskiej, Litwy, Białorusi i Ukrainy $hGrzegorz Strauchold 
028A    $BVerfasser $#Straucholʹd, Gžegož $4aut $7139212906 $8Strauchold, Grzegorz$Z1958- [Tp1] $9215816668 
031A    $h43 $j2015 
037A    $aZusammenfassung des Vortrags 
039B    $aEnthalten in $8--Aay--. @Mapa jako narracja interpretacyjna. - Wrocław : Wydawnictwa IHN PAN, 2015. - 49 Seiten $x201500000000000957 $937744071X 
044K    $RKongresspolen $RWestgalizien $#Generalgouvernement Polen $#Polska $#Rzeczpospolita Polska $#Polska Rzeczpospolita Ludowa $#Poland $#Pologne $#République Polonaise $#Generalne Gubernatorstwo w Polsce $#Polish People's Republic $#Polska Rzeczpospolita Polen $#PRL $#RP $#Polen Generalgouvernement $#Polska Generalgouvernement $#Besetzte Polnische Gebiete $#Besetztes Gebiet in Polen $#Okupowane Polskie Obszary $#Obszary Okupowane w Polsce $#Volksrepublik Polen $#Polska Rosyjska $#Republic Polen $#Respublika Pol'ša $#Pol'skaja Narodnaja Respublika $#République de Pologne $#Polen Links der Weichsel $#Polska po Lewej Stronie Wisły $#Lenkija $#Polija $#Gubernija Carstva Pol'skago $#Republik Polen $74046496-9 $8Polen [Tg1] $9085129801 
044K    $RGrenze $74451090-1 $8Ostgrenze [Ts1] $9088845931 
044K    $#Sowjetunion $#UdSSR $#Советский Союз $#UdSSR $#SSSR $#Republik-Republik Kesatuan Soviet Sosialis $#Sojuz Sovetskich Socialističeskich Respublik $#Union der Sozialistischen Sowjet-Republiken $#Union der SSR $#Union of Soviet Socialist Republics $#USSR $#Union des Républiques Socialistes Soviétiques $#URSS $#Russland 1923-1991 $#Russia 1923-1991 $#Padomju Sociālistiko Republiku Savienība $#PSRS $#SSṘM $#ZSSR $#TSRS $#Savez Sovjetskih Socijalističkih Republika $#Soviet Union $#SSHM $#Sojuz Radjans'kich Sozialističnich Respublik $#SRSR $#Şyra Sosjalist Cumhyrijjẹtlẹri Ittifakĭ $#Šura Socialist Gümhurietleri Ittipaky $#Šura Sosyalist Ǧümhuriyetleri Ittifaqï $#SSCB $#Союз Советских Социалистических Республик $#СССР $74077548-3 $8Sowjetunion [Tgz] $9085219754 
044K    $RRussische SFSR $#Russland $#Russland $#Россия $#Rußland $#Krievija $#Federazione Russa $#RF $#Großrussland $#Großrußland $#Russia -1917; 1992- $#Rossijskaja Imperija $#Russie $#Empire de Russie $#Russian Federation $#Federacja Rosyjska $#Rosja $#Rossija $#Rossijskaja Federacija $#Russische Föderation $#RF Rossija $#Russia $#Russland -1917 ; 1992- $#Russisches Reich $#РФ $#Российская Федерация $#Российская Империя $74076899-5 $8Russland [Tgz] $9085217913 
044K    $RLitovskaja Gubernija $RLitauische Sozialistische Sowjetrepublik $#Litauen $#Litauen $#Lithuania $#Lietuvos Respublika $#République Lithuanienne $#Lithuanie $#Litva 1918 - 1940, 1991, 9 - $#Litovskaja Respublika $#Lithuania 1918 - 1940, 1991, 9 - $#Republik Litauen $#Republic of Lithuania $#Lithuanian Republic $#Litauische Republik $#Lietuva $74074266-0 $8Litauen [Tg1] $9085209074 
044K    $RWeißrussische SSR $#Belarus $#Weißrussland $#Беларусь $#Weißrussland $#Belorussland $#Belaja Rusʹ $#Respublika Belarusʹ $#Republic of Belarus $#Republic Belarus $#République du Bélarus $#Republik Weißrußland $#Ruthènie-Blanche $#Belarusʹ $74079143-9 $8Belarus [Tg1] $9085224537 
044K    $RUkrainische SSR $#Ukraine $#Ukraine $#Украïна $#Ukrainische SSR $#Ukrajina $#Ukraina $#Ukrai͏̈na Ukraine $#Ukraina Ukraine $#Ukrajna $74061496-7 $8Ukraine [Tgz] $9085170801 
044K    $RGrafische Darstellung $#Cartes $#Maps $#Plans $#Amtliche Karte Formschlagwort $#Landkarte $#Wandkarte Formschlagwort $#Wanderkarte Formschlagwort $#Straßenkarte Formschlagwort $#Weltkarte Formschlagwort $#Karten $#Landkarten $#Kartenmaterial $#Geografische Karte $74029783-4 $8Karte [Tsz] $9085078743 
044K    $RAtlas $#Historischer Atlas Geschichtsatlas $74323412-4 $8Geschichtsatlas [Ts1] $9086786253 
044K    $RVerstehen $RHermeneutik $#Interpretation (Philosophy) $#Interprétation (philosophie) $#Interpretation $74072905-9 $8Interpretation [Ts1] $9085205281 
045F    $a911.438 $eDDC23BSB 
045F/01 $a911 
045F/03 $a-T1-- 
045F/03 $g438 

lok: 43654553 78

exp: 43654553 78 1 #EPN
201B/01 $012-09-18 $t14:02:53.000 
201C/01 $012-09-18 
201U/01 $0utf8 
203@/01 $01029666067 
208@/01 $a12-09-18 $be 
209A/01 $a/ $f000 $x00 
209A/01 $ab*p $x01 
220C/01 $apgar 
244Z/01 $#Generalgouvernement Polen $#Polska $#Rzeczpospolita Polska $#Polska Rzeczpospolita Ludowa $#Poland $#Pologne $#République Polonaise $#Generalne Gubernatorstwo w Polsce $#Polish People's Republic $#Polska Rzeczpospolita Polen $#PRL $#RP $#Polen Generalgouvernement $#Polska Generalgouvernement $#Besetzte Polnische Gebiete $#Besetztes Gebiet in Polen $#Okupowane Polskie Obszary $#Obszary Okupowane w Polsce $#Volksrepublik Polen $#Polska Rosyjska $#Republic Polen $#Respublika Pol'ša $#Pol'skaja Narodnaja Respublika $#République de Pologne $#Polen Links der Weichsel $#Polska po Lewej Stronie Wisły $#Lenkija $#Polija $#Gubernija Carstva Pol'skago $#Republik Polen $74046496-9 $8--Tg1--Polen $x01 $9085129801 
247C/01 $82080>Marburg/Lahn, Herder-Institut, Forschungsbibliothek, Bibliographieportal $9336309341
LEADER 00000caa a2200000 c 4500
001 436545535
003 DE-603
005 20180912225637.0
007 tu
008 180912s2015 xx |||| | u00||u|pol c
035 |a (DE-599)HEB436545535 
040 |a DE-603  |b ger  |c DE-603  |d DE-603  |e rda 
041 |a pol 
082 0 4 |8 1\u  |a 911.438  |q DE-101  |2 23/BSB 
085 |8 1\u  |b 911 
085 |8 1\u  |z a  |s -T1-- 
085 |8 1\u  |z 2  |s 438 
100 1 |a Strauchold, Grzegorz  |d 1958-  |e Verfasser  |4 aut  |0 (DE-603)215816668  |0 (DE-588)139212906  |2 gnd 
245 0 0 |a Wschodnie granice Polski w XX wieku w narracji historycznej - w atlasach ZSRR, Federacji Rosyjskiej, Litwy, Białorusi i Ukrainy  |c Grzegorz Strauchold 
264 0 |c 2015 
336 |a Text  |b txt  |2 rdacontent 
337 |a ohne Hilfsmittel zu benutzen  |b n  |2 rdamedia 
338 |a Band  |b nc  |2 rdacarrier 
500 |a Zusammenfassung des Vortrags 
650 7 |a Ostgrenze  |0 (DE-588)4451090-1  |0 (DE-603)088845931  |2 gnd 
650 7 |a Karte  |0 (DE-588)4029783-4  |0 (DE-603)085078743  |2 gnd 
650 7 |a Geschichtsatlas  |0 (DE-588)4323412-4  |0 (DE-603)086786253  |2 gnd 
650 7 |a Interpretation  |0 (DE-588)4072905-9  |0 (DE-603)085205281  |2 gnd 
651 7 |a Polen  |0 (DE-588)4046496-9  |0 (DE-603)085129801  |2 gnd 
651 7 |a Sowjetunion  |0 (DE-588)4077548-3  |0 (DE-603)085219754  |2 gnd 
651 7 |a Russland  |0 (DE-588)4076899-5  |0 (DE-603)085217913  |2 gnd 
651 7 |a Litauen  |0 (DE-588)4074266-0  |0 (DE-603)085209074  |2 gnd 
651 7 |a Belarus  |0 (DE-588)4079143-9  |0 (DE-603)085224537  |2 gnd 
651 7 |a Ukraine  |0 (DE-588)4061496-7  |0 (DE-603)085170801  |2 gnd 
773 0 8 |i Enthalten in  |t Mapa jako narracja interpretacyjna  |d Wrocław : Wydawnictwa IHN PAN, 2015  |h 49 Seiten, 21 cm  |g (2015), Seite 43  |w (DE-603)37744071X 
924 0 |9 2080  |a (DE-603)1029666067  |b DE-2080  |c HES  |d d  |g /